Označovanie výrobkov

Povinné údaje a doplňujúce údaje na spotrebiteľských obaloch požívatín v zmysle par. 616 Občianskeho zákonníka, zákona č.634/1992 Zb. o ochrane spotrebiteľa a vyhlášky MZ SR, zákona č. 238/1991 Zb. o odpadoch. Povinnosť výrobcov vyznačovať údaje v zmysle týchto právnych predpisov.

Guardado en:
Detalles Bibliográficos
Autor principal: Krkošová, D.
Formato: Capítulo de libro
Lenguaje:eslovaco
Materias:
Etiquetas: Agregar Etiqueta
Sin Etiquetas, Sea el primero en etiquetar este registro!

MARC

LEADER 00000naa a2200000 4500
001 r019828
005 20221213101355.2
041 0 |a slo 
044 |a SK 
245 1 0 |a Označovanie výrobkov  |c D. Krkošová 
520 |a Povinné údaje a doplňujúce údaje na spotrebiteľských obaloch požívatín v zmysle par. 616 Občianskeho zákonníka, zákona č.634/1992 Zb. o ochrane spotrebiteľa a vyhlášky MZ SR, zákona č. 238/1991 Zb. o odpadoch. Povinnosť výrobcov vyznačovať údaje v zmysle týchto právnych predpisov. 
610 2 0 |a výrobky 
610 2 0 |a obaly 
610 2 0 |a požívatiny 
610 2 0 |a potraviny 
610 2 0 |a ochrana spotrebiteľa 
610 2 0 |a zákonník občiansky 
610 2 0 |a zákony 
610 2 0 |a vyhlášky 
610 2 0 |a Slovensko 
610 2 0 |a 1991-1994 
100 1 |a Krkošová, D.